000 00301nam a22001337a 4500
008 170926b xxu||||| |||| 00| 0 eng d
020 _a9780312553852
041 _aeng
080 _a37
100 _a46
101 _aEDU
245 _aHOW TO WRITE ANYTHING
_cRUSZKIEWICZ.J.J
942 _2udc
_cBK
999 _c29862
_d29862